Great expectations (Record no. 33097)

MARC details
000 -LEADER
fixed length control field 00887cam a2200229 a 4500
005 - DATE AND TIME OF LATEST TRANSACTION
control field 20090924191526.0
008 - FIXED-LENGTH DATA ELEMENTS--GENERAL INFORMATION
fixed length control field 060803s2007 njua b 001 0 eng
010 ## - LCCN (DPL NO)
LC control number ENG-95651
020 ## - INTERNATIONAL STANDARD BOOK NUMBER
International Standard Book Number 9788120338135
Terms of availability 275.00
035 ## - SYSTEM CONTROL NUMBER
System control number EN-79184
037 ## - SOURCE OF ACQUISITION
Stock number DBAD/PUB
040 ## - CATALOGING SOURCE
Original cataloging agency DPL
082 ## - DEWEY DECIMAL CLASSIFICATION NUMBER
Classification number N
100 ## - MAIN ENTRY--PERSONAL NAME
Personal name Dickens, Charles
245 ## - TITLE STATEMENT
Title Great expectations
Statement of responsibility, etc by Charles Dickens ; edited by Bibhash Choudhury
260 ## - PUBLICATION, DISTRIBUTION, ETC. (IMPRINT)
Place of publication, distribution, etc New Delhi :
Name of publisher, distributor, etc PHI Learning
Date of publication, distribution, etc 2009
300 ## - PHYSICAL DESCRIPTION
Extent 463p. :
Dimensions 22 cm. (Pbk)
700 ## - ADDED ENTRY--PERSONAL NAME
Personal name Choudhury, Bibhash
942 ## - ADDED ENTRY ELEMENTS (KOHA)
Source of classification or shelving scheme Dewey Decimal Classification
Item type English Books
Call number suffix DIC
Classification part N
Holdings
Withdrawn status Lost status Source of classification or shelving scheme Damaged status Not for loan Collection code Home library Current library Date acquired Source of acquisition Cost, normal purchase price Total Checkouts Full call number Barcode Date last seen Copy number Cost, replacement price Koha item type
    Dewey Decimal Classification   Not For Loan Non-fiction D.B.Act.Division D.B.Act.Division 17/12/2009 DBAD/PUB 275.00   N DIC EN-79184 17/12/2009 1 275.00 English Books

© Delhi Public Library
Hit Counter
free hit counter